000 00367nam a2200145Ia 4500
008 230312s9999||||xx |||||||||||||| ||und||
082 _a891.4391
_bMAL
100 _aجوش ملیح آبادی
245 0 _aمحراب و مضراب
260 _bجنگ پبلیشرز
_aلاھور
_c1993
300 _a703
546 _aاردو
650 _aLiterature
942 _cBK
999 _c6415
_d6415